000 00833cam a22002771 4500
001 sa 68000973
003 DLC
005 20260227112428.0
008 711108s1967 ii b 00010 eng
010 _asa 68000973 //r90
025 _aPL480:I-E-9212
040 _aDLC
_cDLC
_dDLC
043 _aa-ii---
050 0 0 _aLA1153
_b.A64
082 0 0 _a378.54
100 1 0 _aAiran, Judson William,
_d1907-
_ecomp.
245 1 0 _aCollege education in India,
_cedited by J. W. Airan. Foreword by Asoka Mehta.
260 0 _aBombay,
_bManaktalas
_c[1967]
300 _ax, 226 p.
_c22 cm.
350 _aRs24
500 _aPrepared by faculty members of Wilson College, Bombay.
504 _aBibliographical footnotes.
650 0 _aUniversities and colleges
_zIndia.
650 0 _aEducation, Higher.
710 2 0 _aWilson College, Bombay.
999 _c77596
_d77596